000
00342nam a2200145Ia 4500
008
240624s9999 xx 000 0 und d
041
_a
eng
082
_a
339 GOR
100
_a
GORDON ROBERT J
245
_a
MACROECONOMICS
250
_a
(12th ed.)
260
_c
2015
_a
New Delhi
_b
Pearson
300
_a
629 : p. : cm. ; 26
365
_c
RS
_b
33
999
_c
24592
_d
24592